[Event "ICS rated standard match"]
[Site "204.178.125.65"]
[Date "2000.07.10"]
[Round "?"]
[White "Hossa"]
[Black "JZInsomniac"]
[Result "0-1"]
[WhiteElo "2335"]
[BlackElo "2636"]
[PlyCount "136"]
[EventDate "2000.??.??"]

1. d4 Nf6 2. c4 e6 3. Nf3 d5 4. Nc3 c6 5. g3 dxc4 6. Bg2 b5 7. O-O Nbd7 8. Qc2
Be7 9. a3 O-O 10. e4 a5 11. Bf4 Ba6 12. Rfd1 b4 13. Na4 Bb5 14. Nc5 b3 15. Qb1
Bxc5 16. dxc5 c3 17. bxc3 a4 18. Bd6 Be2 19. Rd4 Re8 20. e5 Bxf3 21. Bxf3 Nd5
22. Rh4 h6 23. c4 Ne7 24. Rd4 Nf5 25. Rd1 Ra6 26. Qd3 Qa8 27. Be4 Qa7 28. Bxf5
exf5 29. Qxf5 Nxc5 30. Qf4 Ne6 31. Qe4 Qb6 32. Rd2 Ra7 33. Rad1 Rd7 34. Qf5 c5
35. Rd5 Rb7 36. Qf3 Rc8 37. Rb1 Rd7 38. Qe4 Qa5 39. Qf3 Rcd8 40. Rbd1 Rb7 41.
R5d3 Qa6 42. Qe4 Rbd7 43. Rd5 g6 44. Qh4 g5 45. Qe4 Qb7 46. Qf5 b2 47. Qb1 Qb3
48. R5d3 Qb6 49. R1d2 Rb7 50. f4 Nd4 51. Re3 g4 52. Kg2 Qc6+ 53. Kf2 Nf5 54.
Red3 Qe4 55. Rd1 Qxc4 56. R3d2 Nd4 57. Qe4 Rb3 58. Qb1 Nb5 59. Rxb2 Nc3 60. Re1
Nxb1 61. Rbe2 Nc3 62. Re3 Rb2+ 63. Kg1 Qa2 64. R3e2 Rxe2 65. Rxe2 Qxe2 66. f5
Qe3+ 67. Kg2 Qf3+ 68. Kg1 Ne2# {Hossa checkmated} 0-1

[Event "ICS rated blitz match"]
[Site "204.178.125.65"]
[Date "2000.07.10"]
[Round "?"]
[White "Hossa"]
[Black "PostModernist"]
[Result "1-0"]
[WhiteElo "2578"]
[BlackElo "2727"]
[PlyCount "135"]
[EventDate "2000.??.??"]

1. e4 e5 2. Nf3 Nc6 3. d4 exd4 4. Nxd4 Bc5 5. Be3 Qf6 6. c3 Nge7 7. Bc4 O-O 8.
O-O b6 9. Nb5 Ba6 10. Bxc5 bxc5 11. Be2 Bxb5 12. Bxb5 d6 13. Qe2 Ne5 14. f4
N5g6 15. Qf2 c6 16. Be2 Rfb8 17. Bg4 Rb7 18. g3 Rab8 19. b3 Nf8 20. Rd1 Nfg6
21. Qd2 c4 22. b4 c5 23. bxc5 dxc5 24. Qe3 Nf8 25. Qxc5 Qg6 26. Bf3 Rc8 27. Qd6
f6 28. Qa6 Rcc7 29. Qa5 Qf7 30. Na3 Qe6 31. e5 Rb6 32. Rd8 h6 33. Rd6 Rxd6 34.
Qxc7 Rd7 35. Qxc4 Qxc4 36. Nxc4 Rd3 37. Bb7 Rxc3 38. Nd6 fxe5 39. fxe5 Nd7 40.
Re1 Rc2 41. Ba6 Rd2 42. Bb5 Nb6 43. Be8 Kh7 44. a4 a6 45. h3 Ra2 46. Re4 Ned5
47. Rg4 Ne3 48. Bg6+ Kh8 49. Rf4 Ra1+ 50. Kf2 Nd1+ 51. Ke2 Kg8 52. a5 Nd5 53.
Rc4 N5c3+ 54. Kd3 Nb2+ 55. Kxc3 Nxc4 56. Nxc4 Rg1 57. g4 Rg3+ 58. Kd4 Rxh3 59.
Kc5 Rb3 60. e6 Rb7 61. Kd6 h5 62. e7 Rxe7 63. Kxe7 h4 64. Ne5 h3 65. Nf3 h2 66.
Nxh2 Kh8 67. Bd3 g5 68. Nf3 1-0

[Event "ICS rated standard match"]
[Site "204.178.125.65"]
[Date "2000.07.10"]
[Round "?"]
[White "BigFish"]
[Black "Hossa"]
[Result "0-1"]
[WhiteElo "2079"]
[BlackElo "2330"]
[PlyCount "88"]
[EventDate "2000.??.??"]

1. d4 Nf6 2. c4 e6 3. Nf3 d5 4. Bg5 Be7 5. Nc3 h6 6. Bh4 g5 7. Bg3 Ne4 8. e3
Bb4 9. Rc1 O-O 10. Bd3 h5 11. h3 Nxg3 12. fxg3 Bd6 13. Ne5 dxc4 14. Bxc4 Bxe5
15. dxe5 Qxd1+ 16. Rxd1 Nc6 17. O-O Nxe5 18. Be2 f5 19. Bxh5 Nc4 20. Rfe1 Nxb2
21. Rd4 c5 22. Rd6 Nc4 23. Rdd1 Kg7 24. Bf3 Rb8 25. Nb5 a6 26. Nd6 Nxd6 27.
Rxd6 b5 28. Rc6 c4 29. Rd1 Kf6 30. g4 Bb7 31. Rc7 Bxf3 32. gxf3 Rbd8 33. Rb1
Rd3 34. Kf2 Rd2+ 35. Kg3 Rxa2 36. Rd1 Ra3 37. e4 fxe4 38. Rd6 Ke5 39. Rcc6
Raxf3+ 40. Kg2 Rf2+ 41. Kg1 Rf1+ 42. Kg2 R8f2+ 43. Kg3 Ra2 44. h4 Rf3# {
BigFish checkmated} 0-1

[Event "ICS rated blitz match"]
[Site "204.178.125.65"]
[Date "2000.07.10"]
[Round "?"]
[White "PostModernist"]
[Black "Hossa"]
[Result "0-1"]
[WhiteElo "2724"]
[BlackElo "2600"]
[PlyCount "102"]
[EventDate "2000.??.??"]

1. e4 c5 2. c3 d5 3. exd5 Qxd5 4. d4 Nf6 5. Nf3 e6 6. Be3 cxd4 7. cxd4 Bb4+ 8.
Nc3 Qa5 9. Bd2 O-O 10. a3 Bxc3 11. bxc3 Nc6 12. Bd3 e5 13. Qe2 Re8 14. c4 Qc7
15. dxe5 Nxe5 16. Nxe5 Bg4 17. Nxg4 Rxe2+ 18. Bxe2 Nxg4 19. Kf1 Nxh2+ 20. Kg1
Qd7 21. Rd1 Ng4 22. Bc3 Qe6 23. Re1 Qf5 24. Bf3 Qc2 25. Bd4 Qxc4 26. Ba1 Rd8
27. Rh3 h6 28. Bxg4 Qxg4 29. Rg3 Rd1 30. Rxg4 Rxe1+ 31. Kh2 Rxa1 32. Ra4 a6 33.
Kg3 Kh7 34. Kf3 Kg6 35. Kf4 Kf6 36. g4 Ke6 37. Re4+ Kd5 38. Re3 Ra2 39. f3 Kd4
40. Re4+ Kc3 41. Re7 g5+ 42. Kg3 b5 43. Rxf7 Rxa3 44. Rf6 b4 45. Rxh6 b3 46.
Rc6+ Kb2 47. Kf2 Ka2 48. Re6 b2 49. Re2 a5 50. Re5 a4 51. Rxg5 Rb3 0-1

[Event "ICS rated blitz match"]
[Site "204.178.125.65"]
[Date "2000.07.10"]
[Round "?"]
[White "Hossa"]
[Black "QueenMaxima"]
[Result "0-1"]
[WhiteElo "2621"]
[BlackElo "2551"]
[PlyCount "122"]
[EventDate "2000.??.??"]

1. e4 c5 2. Nf3 e6 3. b4 cxb4 4. d4 Nf6 5. Bd3 Nc6 6. e5 Nd5 7. O-O d6 8. Bb5
Bd7 9. Bc4 dxe5 10. Nxe5 Nb6 11. Be2 Nxe5 12. dxe5 Qc7 13. Be3 Qxe5 14. Nd2 Nd5
15. Nc4 Qc7 16. Bd4 Nc3 17. Bxc3 bxc3 18. Qd4 Qc5 19. Qf4 Qf5 20. Qd4 Qc5 21.
Qf4 Bb5 22. Rab1 a6 23. Rfd1 Be7 24. a4 Bxa4 25. Nb6 Bxc2 26. Nxa8 O-O 27. Rxb7
Bxd1 28. Bxd1 c2 29. Bxc2 Qxc2 30. g3 e5 31. Qf3 e4 32. Qf4 Ba3 33. Ra7 Qd1+
34. Kg2 Bc5 35. Rc7 Qd5 36. Rxc5 Qxc5 37. Qc7 Rc8 38. Qxc5 Rxc5 39. Nb6 f5 40.
Nd7 Rc2 41. Kf1 Kf7 42. h3 a5 43. Nb6 Ke6 44. Ke1 g5 45. h4 gxh4 46. gxh4 Rc1+
47. Ke2 Rc6 48. Na4 Rc4 49. Nb6 Rb4 50. Na8 Rb8 51. Nc7+ Kd6 52. Na6 Rb6 53.
Ke3 f4+ 54. Kxe4 Rxa6 55. Kxf4 a4 56. Kg5 a3 57. Kf6 a2 58. Kg7 a1=Q+ 59. Kxh7
Qf6 60. h5 Ra7+ 61. Kg8 Qd8# {Hossa checkmated} 0-1

[Event "ICS rated blitz match"]
[Site "204.178.125.65"]
[Date "2000.07.10"]
[Round "?"]
[White "Hossa"]
[Black "PostModernist"]
[Result "1/2-1/2"]
[WhiteElo "2602"]
[BlackElo "2703"]
[PlyCount "244"]
[EventDate "2000.??.??"]

1. e4 c6 2. d4 d5 3. Nc3 dxe4 4. Nxe4 Bf5 5. Ng3 Bg6 6. h4 h6 7. Nf3 Nd7 8. Bd3
Bxd3 9. Qxd3 Qc7 10. Bd2 Ngf6 11. O-O-O e6 12. Qe3 O-O-O 13. Ne5 Nd5 14. Qe2
Nxe5 15. dxe5 Bc5 16. Kb1 Qb6 17. Qf3 Bxf2 18. Ne4 Bd4 19. c3 Bxe5 20. Qxf7
Rhe8 21. g3 Qb5 22. Rhe1 Bxg3 23. Nxg3 Qd3+ 24. Ka1 Qxg3 25. Rxe6 Qg4 26. Ree1
Ne3 27. Rg1 Qe6 28. Qxe6+ Rxe6 29. Bxe3 Rxd1+ 30. Rxd1 Rxe3 31. Kb1 g5 32. hxg5
hxg5 33. Kc2 g4 34. Rg1 Re4 35. Kd3 Rf4 36. Ke3 Rc4 37. Kd3 Ra4 38. b3 Rxa2 39.
Rxg4 a5 40. Rc4 Kc7 41. Rf4 b5 42. c4 a4 43. cxb5 cxb5 44. bxa4 bxa4 45. Rc4+
Kb6 46. Rb4+ Kc5 47. Re4 a3 48. Re5+ Kb4 49. Re4+ Kb3 50. Re6 Rh2 51. Rb6+ Ka2
52. Kc3 Ka1 53. Rc6 a2 54. Rd6 Rh3+ 55. Kc2 Rh1 56. Re6 Rh2+ 57. Kb3 Rh3+ 58.
Ka4 Rc3 59. Rb6 Rd3 60. Rb5 Rd1 61. Ka3 Rh1 62. Rb3 Rb1 63. Rc3 Rg1 64. Rd3 Rf1
65. Re3 Rc1 66. Rf3 Rd1 67. Re3 Rf1 68. Rg3 Re1 69. Rh3 Rd1 70. Re3 Kb1 71.
Rb3+ Kc2 72. Kxa2 Rd8 73. Re3 Ra8+ 74. Ra3 Rb8 75. Ka1 Rb1+ 76. Ka2 Rb2+ 77.
Ka1 Rb6 78. Ka2 Rb5 79. Ka1 Kc1 80. Ka2 Rb2+ 81. Ka1 Rb8 82. Ka2 Kd2 83. Rf3
Ke2 84. Rg3 Kf2 85. Rh3 Kg2 86. Re3 Rb6 87. Ka3 Rb1 88. Ka4 Rb8 89. Ka5 Kf2 90.
Rh3 Ke2 91. Ka6 Kd2 92. Ka7 Rb1 93. Ka8 Ke2 94. Ka7 Rb4 95. Ka8 Rb5 96. Ka7 Kd2
97. Ka8 Kc2 98. Ka7 Rb4 99. Ka8 Kd2 100. Ka7 Ke1 101. Ka6 Ke2 102. Ka7 Rb5 103.
Ka8 Kd2 104. Ka7 Rd5 105. Kb7 Rd4 106. Kc7 Re4 107. Kd7 Re1 108. Kd8 Kc2 109.
Kc8 Re7 110. Kd8 Re4 111. Kc8 Rc4+ 112. Kd8 Rd4+ 113. Ke8 Re4+ 114. Kf8 Re1
115. Kg8 Rf1 116. Kh8 Rg1 117. Kh7 Kd2 118. Kh6 Rg2 119. Kh7 Ke2 120. Kh8 Rg1
121. Kh7 Rg2 122. Kh8 Rg1 1/2-1/2

[Event "ICS rated standard match"]
[Site "204.178.125.65"]
[Date "2000.07.10"]
[Round "?"]
[White "danov"]
[Black "Hossa"]
[Result "0-1"]
[WhiteElo "1969"]
[BlackElo "2331"]
[PlyCount "42"]
[EventDate "2000.??.??"]

1. e4 c5 2. Nf3 Nc6 3. d4 cxd4 4. Nxd4 g6 5. Be3 Bg7 6. Nc3 d6 7. Bc4 Bd7 8.
Qd2 Nf6 9. f3 Nxd4 10. Bxd4 O-O 11. O-O-O Rc8 12. Bb3 b5 13. g4 a5 14. a4 bxa4
15. Nxa4 Bxa4 16. Bxa4 Rc4 17. Bb3 Nxe4 18. fxe4 Rxd4 19. Qe3 Rb4 20. e5 Bxe5
21. Rhf1 Qc8 {danov resigns} 0-1

[Event "ICS rated blitz match"]
[Site "204.178.125.65"]
[Date "2000.07.10"]
[Round "?"]
[White "Dorky"]
[Black "Hossa"]
[Result "1/2-1/2"]
[WhiteElo "2212"]
[BlackElo "2607"]
[PlyCount "74"]
[EventDate "2000.??.??"]

1. c4 Nf6 2. d4 Nc6 3. Nc3 e5 4. d5 Na5 5. Nf3 e4 6. Qa4 exf3 7. Qxa5 b6 8. Qa4
fxe2 9. Bxe2 Bc5 10. O-O O-O 11. Bg5 h6 12. Bh4 Bd4 13. Qb3 Re8 14. Bf3 d6 15.
Rad1 Be5 16. Rde1 Bf5 17. Nb5 Re7 18. Rd1 Qe8 19. Nd4 Bxd4 20. Rxd4 g5 21. Bg3
a6 22. Qc3 Ne4 23. Bxe4 Bxe4 24. f3 Bg6 25. f4 Re2 26. f5 Bh7 27. h4 Qe7 28.
hxg5 hxg5 29. f6 Qe3+ 30. Qxe3 Rxe3 31. Rg4 Re2 32. Rxg5+ Bg6 33. Rf2 Re1+ 34.
Rf1 Re2 35. Rf2 Re1+ 36. Rf1 Re2 37. Rf2 Re1+ 1/2-1/2

[Event "ICS rated blitz match"]
[Site "204.178.125.65"]
[Date "2000.07.10"]
[Round "?"]
[White "MissSilicon"]
[Black "Hossa"]
[Result "1/2-1/2"]
[WhiteElo "2688"]
[BlackElo "2594"]
[PlyCount "269"]
[EventDate "2000.??.??"]

1. Nf3 d5 2. c4 dxc4 3. Na3 Be6 4. e4 Nc6 5. Nxc4 Bg4 6. d3 e5 7. Bd2 Bc5 8.
Rc1 Be7 9. Qa4 Bd7 10. Qb3 f6 11. Qxb7 Rb8 12. Qa6 Nb4 13. Qa5 Nc6 14. Qc3 Bb4
15. Qc2 Bxd2+ 16. Qxd2 Nge7 17. d4 exd4 18. Nxd4 Nxd4 19. Qxd4 Nc6 20. Qd5 Nb4
21. Qh5+ g6 22. Qa5 Nc6 23. Qc5 Qe7 24. Qxe7+ Kxe7 25. Be2 Rhd8 26. O-O Nd4 27.
Bd3 Bb5 28. Rfd1 Rd7 29. Kf1 Bxc4 30. Bxc4 Rxb2 31. Bg8 h6 32. Rc4 Ne6 33.
Rxd7+ Kxd7 34. Bxe6+ Kxe6 35. Rxc7 Rxa2 36. f4 Ra4 37. g3 g5 38. Rc6+ Ke7 39.
e5 fxe5 40. fxe5 a5 41. Ra6 h5 42. Kg2 h4 43. Kf3 g4+ 44. Ke3 h3 45. e6 Kf6 46.
Rb6 Ra2 47. Kf4 Rxh2 48. Kxg4 a4 49. Ra6 Rh1 50. Kh4 Ke7 51. Rxa4 Kxe6 52. Ra6+
Ke5 53. Kg4 Kd5 54. Rh6 h2 55. Kh3 Rf1 56. Kxh2 Ke5 57. g4 Rf2+ 58. Kg3 Rf6 59.
Rh5+ Ke6 60. Rb5 Kf7 61. g5 Rg6 62. Kf4 Kg8 63. Kf5 Rd6 64. Rb8+ Kg7 65. Rb7+
Kg8 66. g6 Rd5+ 67. Kg4 Rd4+ 68. Kg5 Rd5+ 69. Kh6 Rd8 70. Rb6 Re8 71. Rd6 Rf8
72. Ra6 Re8 73. g7 Rd8 74. Rf6 Re8 75. Rb6 Rd8 76. Rc6 Re8 77. Rf6 Rd8 78. Ra6
Rc8 79. Rd6 Re8 80. Rc6 Rd8 81. Rb6 Re8 82. Rd6 Rc8 83. Re6 Rd8 84. Kh5 Kxg7
85. Kg4 Rf8 86. Kg5 Rg8 87. Rd6 Rh8 88. Rd7+ Kf8 89. Kg4 Rh6 90. Kf5 Rh5+ 91.
Kg6 Rh4 92. Rf7+ Kg8 93. Rg7+ Kh8 94. Rd7 Rg4+ 95. Kh5 Rg3 96. Kh6 Rh3+ 97. Kg6
Rg3+ 98. Kf5 Rh3 99. Kg4 Rh2 100. Kg5 Rh1 101. Kg6 Rg1+ 102. Kf5 Rh1 103. Re7
Rg1 104. Rc7 Rh1 105. Kg5 Rg1+ 106. Kh6 Rh1+ 107. Kg6 Rg1+ 108. Kh5 Rh1+ 109.
Kg4 Rg1+ 110. Kf4 Rh1 111. Rd7 Rg1 112. Re7 Rh1 113. Kg5 Rg1+ 114. Kh6 Rh1+
115. Kg6 Rg1+ 116. Kh5 Rh1+ 117. Kg4 Rg1+ 118. Kh4 Rh1+ 119. Kg3 Rg1+ 120. Kf3
Rh1 121. Rd7 Rg1 122. Kf4 Rh1 123. Rb7 Rg1 124. Kf5 Rh1 125. Ra7 Rf1+ 126. Kg6
Rg1+ 127. Kh6 Rh1+ 128. Kg5 Rf1 129. Rb7 Rg1+ 130. Kh6 Rh1+ 131. Kg6 Rg1+ 132.
Kh5 Rh1+ 133. Kg4 Rg1+ 134. Kf4 Rf1+ 135. Ke3 1/2-1/2

[Event "ICS rated blitz match"]
[Site "204.178.125.65"]
[Date "2000.07.10"]
[Round "?"]
[White "Hossa"]
[Black "MissSilicon"]
[Result "1/2-1/2"]
[WhiteElo "2598"]
[BlackElo "2684"]
[PlyCount "234"]
[EventDate "2000.??.??"]

1. e4 e6 2. d4 d5 3. Nd2 Nf6 4. e5 Nfd7 5. Bd3 c5 6. c3 Nc6 7. Ne2 cxd4 8. cxd4
Qb6 9. Nf3 f6 10. exf6 Nxf6 11. O-O Bd6 12. Nc3 a6 13. Na4 Qc7 14. Be3 O-O 15.
Rc1 Bd7 16. Nc5 Bxc5 17. Rxc5 Ng4 18. g3 Nxe3 19. fxe3 Qb6 20. Qb1 h6 21. Bh7+
Kh8 22. Rc3 Be8 23. g4 Nb4 24. Ne5 Rxf1+ 25. Kxf1 Nxa2 26. Rc2 g5 27. Rf2 Kg7
28. Qxa2 Kxh7 29. Qb1+ Kg7 30. Kg1 Rc8 31. Qd1 Qb4 32. Qf1 Rc7 33. Qb1 Qb3 34.
Re2 Kg8 35. Kf1 Rc3 36. Kf2 Kg7 37. Kf3 h5 38. h3 hxg4+ 39. hxg4 b6 40. Kf2 Rc7
41. Ke1 a5 42. Kf2 a4 43. Kf3 Rc3 44. Qh1 Rc2 45. Rxc2 Qxc2 46. Qg2 Qh7 47. Qg1
Qh3+ 48. Ke2 Bb5+ 49. Ke1 Qh8 50. Kd2 Qf8 51. Kc3 Qc8+ 52. Kd2 Qd8 53. Qb1 Qf6
54. Qc1 Qf2+ 55. Kc3 Qf8 56. Qg1 Qc8+ 57. Kd2 Qd8 58. Qb1 Be8 59. Qc1 Qe7 60.
Ke2 Bb5+ 61. Kf3 Qd6 62. Qc2 Be8 63. Qc8 Qf8+ 64. Kg3 Qe7 65. Qc1 Kf8 66. Qc8
Qd6 67. Kf3 Ke7 68. Kg3 b5 69. Qc2 a3 70. bxa3 Qxa3 71. Kf2 Kd8 72. Kf3 Qd6 73.
Qa2 b4 74. Nd3 Ke7 75. Qa7+ Kf6 76. Qa8 Qf8 77. Qb8 b3 78. Ne5 Kg7+ 79. Kg2 b2
80. Qxb2 Qe7 81. Qb8 Kh7 82. Kg3 Kh6 83. Qc8 Kg7 84. Qa8 Bf7 85. Qb8 Bg8 86.
Nc6 Qf8 87. Qe5+ Qf6 88. Qc7+ Kh6 89. Ne5 Bh7 90. Qc8 Qe7 91. Qh8 Qg7 92. Qe8
Qf6 93. Qh5+ Kg7 94. Nf3 Bg6 95. Qxg5 Qxg5 96. Nxg5 Kf6 97. Kf4 Bd3 98. Nf3 Be4
99. g5+ Kf7 100. Nd2 Bc2 101. Ke5 Ke7 102. Nf1 Kf7 103. Ng3 Kg6 104. Kxe6 Kxg5
105. Kxd5 Kg4 106. Nf1 Kf3 107. Ke5 Bd3 108. d5 Bxf1 109. Kd4 Bh3 110. e4 Kf4
111. e5 Kf5 112. d6 Ke6 113. Ke4 Bg2+ 114. Ke3 Bh3 115. Kf4 Kd5 116. Kg5 Kxe5
117. Kh5 Kxd6 1/2-1/2

[Event "ICS rated blitz match"]
[Site "204.178.125.65"]
[Date "2000.07.10"]
[Round "?"]
[White "Hossa"]
[Black "Dorky"]
[Result "1-0"]
[WhiteElo "2602"]
[BlackElo "2223"]
[PlyCount "117"]
[EventDate "2000.??.??"]

1. e4 c5 2. Nf3 a6 3. c4 Nc6 4. d4 cxd4 5. Nxd4 e5 6. Nf5 d6 7. Bd3 Bxf5 8.
exf5 Be7 9. Be3 d5 10. cxd5 Qxd5 11. O-O O-O-O 12. Be2 Qxd1 13. Bxd1 Nf6 14.
Bb6 Rd6 15. Nc3 Rd2 16. Bb3 Rxb2 17. Na4 Rd2 18. Be3 Rd6 19. Bxf7 Nd4 20. Rac1+
Kb8 21. Rfe1 Rf8 22. Bb3 Nxb3 23. axb3 Nd7 24. g4 b6 25. f3 Rf7 26. Kg2 h5 27.
h3 b5 28. Nc3 Rd3 29. Red1 Rxe3 30. Rxd7 Ba3 31. Rxf7 Bxc1 32. Nd5 Rxb3 33.
Rxg7 Rb2+ 34. Kg3 Bd2 35. Kh4 hxg4 36. f6 Rb3 37. f7 Rxf3 38. Kxg4 e4 39. Rg8+
Kb7 40. f8=R Rxf8 41. Rxf8 Kc6 42. Rc8+ Kxd5 43. Rd8+ Ke5 44. Rxd2 b4 45. Ra2
b3 46. Rxa6 Kd4 47. Rb6 e3 48. Kf3 Kc4 49. Kxe3 Kc3 50. h4 b2 51. h5 b1=R 52.
Rxb1 Kc2 53. Rb7 Kc3 54. h6 Kc4 55. h7 Kc5 56. h8=Q Kd6 57. Qe8 Kc5 58. Qd7 Kc4
59. Qc6# {Dorky checkmated} 1-0

[Event "ICS rated blitz match"]
[Site "204.178.125.65"]
[Date "2000.07.10"]
[Round "?"]
[White "Dorky"]
[Black "Hossa"]
[Result "0-1"]
[WhiteElo "2220"]
[BlackElo "2605"]
[PlyCount "70"]
[EventDate "2000.??.??"]

1. c4 Nf6 2. Nc3 g6 3. g3 Bg7 4. Bg2 c6 5. e4 d6 6. d4 O-O 7. Nf3 Na6 8. O-O
Nc7 9. Bf4 Ng4 10. e5 Ne6 11. Qc1 dxe5 12. dxe5 Nxf4 13. Qxf4 Qa5 14. Rae1 Bh6
15. Qe4 Bf5 16. Qe2 Rfd8 17. Rd1 Bg7 18. Nh4 Be6 19. Rxd8+ Rxd8 20. Bh3 Rd4 21.
f4 Bxc4 22. Qxg4 Be6 23. Qg5 Bxh3 24. Nf3 Rd7 25. Nd1 Bxf1 26. Ne3 Bb5 27. Qg4
Rd3 28. Nc2 Rd1+ 29. Kg2 Rd2+ 30. Nxd2 Qxd2+ 31. Qe2 Qxe2+ 32. Kh3 Qf1+ 33. Kh4
Qf3 34. Kh3 Bf1+ 35. Kh4 Qh5# {Dorky checkmated} 0-1

[Event "ICS rated blitz match"]
[Site "204.178.125.65"]
[Date "2000.07.10"]
[Round "?"]
[White "PostModernist"]
[Black "Hossa"]
[Result "1-0"]
[WhiteElo "2697"]
[BlackElo "2608"]
[PlyCount "205"]
[EventDate "2000.??.??"]

1. d4 Nf6 2. c4 e6 3. Nf3 d5 4. Nc3 c6 5. e3 Bd6 6. Qc2 O-O 7. Be2 Ng4 8. h3
Nf6 9. c5 Bc7 10. Bd2 b6 11. b4 bxc5 12. bxc5 Ba6 13. Bxa6 Nxa6 14. O-O Qd7 15.
Rfb1 Rad8 16. Qd3 Qc8 17. Ng5 e5 18. Qe2 e4 19. h4 Ng4 20. Rb3 Nb8 21. f3 Nf6
22. fxe4 h6 23. e5 Ng4 24. e6 fxe6 25. Qxg4 hxg5 26. Qxg5 Qd7 27. Rbb1 Rf5 28.
Qg6 Rf6 29. Qh5 Rdf8 30. Kh1 Rh6 31. Qg4 Rf2 32. Rd1 Qe7 33. g3 Qf7 34. Kg1 Rg6
35. Qxg6 Qxg6 36. Kxf2 Bxg3+ 37. Ke2 Na6 38. Rdb1 Qh5+ 39. Kd3 Qf5+ 40. Ke2
Bxh4 41. Rb7 e5 42. Rab1 e4 43. Be1 Bg5 44. Nd1 Qf3+ 45. Kd2 Qf1 46. Bf2 Qd3+
47. Ke1 Bd8 48. Bg1 Ba5+ 49. Kf2 Qd2+ 50. Kf1 Qxa2 51. R1b2 Qa4 52. Nf2 Bc3 53.
Rb1 Qc4+ 54. Kg2 Qa2 55. Bh2 Bd2 56. R1b2 Qa5 57. Be5 Kf8 58. Rxa7 Bb4 59.
Bxg7+ Ke8 60. Nh3 Be1 61. Rb6 Qd2+ 62. Kf1 Bh4 63. Ra8+ Kd7 64. Be5 Qd1+ 65.
Kg2 Nc7 66. Rg8 Qd2+ 67. Kg1 Qxe3+ 68. Kh2 Qd2+ 69. Rg2 Qh6 70. Rg7+ Be7 71.
Rb7 Kd8 72. Rg8+ Ne8 73. Bc7+ Kc8 74. Bf4 Qh7 75. Rb8+ Kd7 76. Rgxe8 Qh5 77.
Rg8 Bf6 78. Rb7+ Ke6 79. Rc7 Bxd4 80. Rxc6+ Kf7 81. Rg5 Qe2+ 82. Rg2 Qf1 83.
Rc7+ Ke6 84. Rg6+ Kf5 85. Rg5+ Ke6 86. Rc6+ Ke7 87. Bd6+ Kf7 88. Rc7+ Kf6 89.
Rcg7 Qe2+ 90. Rg2 Qd1 91. Nf4 e3 92. R2g5 Qc2+ 93. Kh3 Qf5+ 94. Rxf5+ Kxf5 95.
Rf7+ Ke4 96. Kg4 Bb2 97. c6 Be5 98. Re7 Kd4 99. Bxe5+ Kc4 100. c7 Kc5 101.
c8=Q+ Kb4 102. Rb7+ Ka3 103. Qa8# {Hossa checkmated} 1-0

[Event "ICS rated blitz match"]
[Site "204.178.125.65"]
[Date "2000.07.10"]
[Round "?"]
[White "Hossa"]
[Black "QueenMaxima"]
[Result "0-1"]
[WhiteElo "2596"]
[BlackElo "2572"]
[PlyCount "108"]
[EventDate "2000.??.??"]

1. d4 e6 2. e4 d5 3. Nd2 Nf6 4. e5 Nfd7 5. Bd3 c5 6. c3 Nc6 7. Ne2 cxd4 8. cxd4
f6 9. exf6 Nxf6 10. O-O Bd6 11. Nf3 O-O 12. Be3 Bd7 13. Bf4 Bxf4 14. Nxf4 Qc7
15. Ne2 e5 16. dxe5 Nxe5 17. Nxe5 Qxe5 18. Qb3 b6 19. Rae1 Rae8 20. Qc2 Ng4 21.
Ng3 Qxe1 22. Rxe1 Rxe1+ 23. Nf1 Nxf2 24. Be2 Bg4 25. Bb5 Nh3+ 26. gxh3 Bxh3 27.
Qd3 Rfxf1+ 28. Qxf1 Bxf1 29. Bxf1 Rb1 30. b4 Rxb4 31. Bd3 Rb2 32. a4 Kf7 33.
Ba6 Ke6 34. Bd3 Ra2 35. Bb5 Ke5 36. Bd7 a6 37. h3 Kd6 38. Be8 g6 39. Kf1 Ra3
40. Kg2 Re3 41. Bf7 Re7 42. Bg8 h6 43. h4 Kc5 44. a5 bxa5 45. Kf3 a4 46. h5 a3
47. hxg6 a2 48. Kf4 a1=Q 49. Bxd5 Qf6+ 50. Kg3 Re3+ 51. Kg2 Qb2+ 52. Kf1 Qe2+
53. Kg1 Rg3+ 54. Bg2 Qxg2# {Hossa checkmated} 0-1

[Event "ICS rated blitz match"]
[Site "204.178.125.65"]
[Date "2000.07.10"]
[Round "?"]
[White "Hossa"]
[Black "PostModernist"]
[Result "0-1"]
[WhiteElo "2579"]
[BlackElo "2709"]
[PlyCount "86"]
[EventDate "2000.??.??"]

1. e4 c6 2. d4 d5 3. Nc3 g6 4. Nf3 Bg4 5. Be2 Bg7 6. exd5 cxd5 7. O-O Nc6 8.
Nb5 Qb6 9. a4 a6 10. Nc3 Bxf3 11. Bxf3 e6 12. Re1 Nge7 13. Bxd5 exd5 14. Nxd5
Qd8 15. Nxe7 Nxe7 16. Qf3 Qd7 17. Bg5 f6 18. Bd2 O-O 19. Qb3+ Rf7 20. Rad1 a5
21. Qc4 Nf5 22. c3 Rd8 23. b3 h5 24. Re6 Rc8 25. Qe2 Qd5 26. Rb1 Bf8 27. Rb2
Re7 28. Rxe7 Bxe7 29. Rb1 Rc6 30. Qd3 Re6 31. Qf1 Bd6 32. Rb2 Qe4 33. Qa1 g5
34. Qf1 g4 35. Qa1 Bf4 36. f3 Bxh2+ 37. Kh1 gxf3 38. Be1 f2 39. Bxf2 Ng3+ 40.
Bxg3 Bxg3 41. Rf2 Qh4+ 42. Kg1 Qh2+ 43. Kf1 Qh1# {Hossa checkmated} 0-1

[Event "ICS rated bullet match"]
[Site "204.178.125.65"]
[Date "2000.07.10"]
[Round "?"]
[White "Hossa"]
[Black "ambo"]
[Result "1-0"]
[WhiteElo "2529"]
[BlackElo "930"]
[PlyCount "49"]
[EventDate "2000.??.??"]

1. e4 e5 2. Nf3 d6 3. Bc4 c6 4. d4 Bd7 5. dxe5 dxe5 6. O-O Be6 7. Qxd8+ Kxd8 8.
Bxe6 fxe6 9. Rd1+ Ke8 10. Ng5 Bc5 11. Nxe6 Bxf2+ 12. Kxf2 Ke7 13. Nc7 g5 14.
Bxg5+ Kf7 15. Nxa8 h6 16. Bd8 Nf6 17. Bxf6 Kxf6 18. Nc7 Kf7 19. Ke3 Rd8 20.
Rxd8 Nd7 21. Rxd7+ Kf8 22. Nc3 Kg8 23. Ne6 Kh8 24. Rf1 Kg8 25. Rf8# {
ambo checkmated} 1-0

[Event "ICS rated blitz match"]
[Site "204.178.125.65"]
[Date "2000.07.10"]
[Round "?"]
[White "WitPaard"]
[Black "Hossa"]
[Result "0-1"]
[WhiteElo "2191"]
[BlackElo "2569"]
[PlyCount "104"]
[EventDate "2000.??.??"]

1. e4 c5 2. Nf3 Nc6 3. d4 cxd4 4. Nxd4 g6 5. Nc3 Bg7 6. Be3 Nf6 7. Nxc6 bxc6 8.
e5 Nd5 9. Nxd5 cxd5 10. Qxd5 Rb8 11. Bxa7 Rxb2 12. Bd4 Rb8 13. Bc4 O-O 14. Qf3
Bb7 15. Qg3 Qa5+ 16. c3 d6 17. O-O dxe5 18. Be3 Qc7 19. Bb3 Qxc3 20. Rac1 Qa5
21. Rc5 Qb4 22. Rc4 Qb5 23. Rc5 Qd3 24. Rd1 Qe2 25. h4 Rbd8 26. Rdc1 Rd7 27.
Bc4 Rd1+ 28. Kh2 Qe1 29. Rxd1 Qxd1 30. Rc7 Bd5 31. Bxd5 Qxd5 32. a4 Qd1 33. a5
e6 34. a6 Qd6 35. Rb7 Qxa6 36. Rb6 Qe2 37. h5 Qxh5+ 38. Kg1 Rd8 39. Rb1 f5 40.
Bb6 Rd1+ 41. Rxd1 Qxd1+ 42. Kh2 Bf8 43. Bc7 e4 44. Be5 Bc5 45. Bf6 Qd2 46. Qb8+
Kf7 47. Qh8 Qh6+ 48. Kg1 e3 49. Bb2 exf2+ 50. Kf1 Qh1+ 51. Ke2 f1=Q+ 52. Kd2
Qhxg2+ 0-1

[Event "ICS rated blitz match"]
[Site "204.178.125.65"]
[Date "2000.07.10"]
[Round "?"]
[White "Hossa"]
[Black "PostModernist"]
[Result "1-0"]
[WhiteElo "2572"]
[BlackElo "2692"]
[PlyCount "103"]
[EventDate "2000.??.??"]

1. e4 e5 2. Nf3 Nc6 3. d4 exd4 4. Nxd4 Nf6 5. Nxc6 bxc6 6. e5 Qe7 7. Qe2 Nd5 8.
Bd2 Qe6 9. c4 Nb6 10. a4 Ba6 11. b3 Bc5 12. a5 Nc8 13. b4 Bd4 14. Bc3 Bxc3+ 15.
Nxc3 O-O 16. f4 Rb8 17. Rb1 Re8 18. Kf2 Qe7 19. b5 cxb5 20. cxb5 Bb7 21. Qc4 d6
22. Re1 Qh4+ 23. g3 Qd8 24. e6 Kh8 25. Bg2 fxe6 26. Rxe6 Rf8 27. Bxb7 Rxb7 28.
Qc6 Rb8 29. Rhe1 Nb6 30. axb6 Rxb6 31. Qe4 d5 32. Qxd5 Qxd5 33. Nxd5 Rxb5 34.
Nxc7 Rb7 35. Re8 Kg8 36. Rxf8+ Kxf8 37. Ne6+ Kg8 38. Nd8 Rb2+ 39. Kg1 h5 40.
Ra1 Rd2 41. Nc6 Rd7 42. Rxa7 Rxa7 43. Nxa7 Kf7 44. Nc6 Kg6 45. Nd4 Kf7 46. Kf2
Kf6 47. g4 h4 48. Nf5 h3 49. Nxg7 Kxg7 50. Kg3 Kf6 51. g5+ Kg6 52. Kg4 1-0

[Event "ICS rated blitz match"]
[Site "204.178.125.65"]
[Date "2000.07.10"]
[Round "?"]
[White "QueenMaxima"]
[Black "Hossa"]
[Result "1-0"]
[WhiteElo "2559"]
[BlackElo "2586"]
[PlyCount "107"]
[EventDate "2000.??.??"]

1. d4 e6 2. e4 d5 3. Nd2 Nf6 4. e5 Nfd7 5. Bd3 c5 6. c3 Nc6 7. Ne2 cxd4 8. cxd4
f6 9. exf6 Nxf6 10. Nf3 Bd6 11. O-O O-O 12. Bg5 e5 13. dxe5 Nxe5 14. Nxe5 Bxe5
15. Nc3 Qd6 16. h3 Be6 17. Re1 Bd7 18. Qb3 Bc6 19. Nb5 Bxb5 20. Qxb5 Rf7 21.
Rac1 Bh2+ 22. Kh1 Bf4 23. Bxf6 Bxc1 24. Be5 Qe6 25. Bc3 a6 26. Qb3 Qh6 27. Qxd5
Bg5 28. f4 Bf6 29. Bc4 Qg6 30. Qxb7 Rd8 31. Qxa6 Kf8 32. Bb4+ Be7 33. Qa5 Rb8
34. Bxf7 Bxb4 35. Qa7 Qd6 36. Bd5 Qxd5 37. Qxb8+ Kf7 38. Qxb4 Qd7 39. Qc4+ Kf8
40. Qc5+ Kf7 41. Qh5+ Kf8 42. Qxh7 Qb5 43. Rc1 Ke7 44. Qxg7+ Ke6 45. Re1+ Kd5
46. Qe5+ Kc6 47. Qe8+ Kb6 48. Re6+ Ka5 49. Qd8+ Ka4 50. Qd4+ Ka5 51. Qa7+ Kb4
52. Re4+ Qc4 53. Qb6+ Ka4 54. Rxc4# 1-0

[Event "ICS Rated blitz match"]
[Site "204.178.125.65"]
[Date "2000.07.10"]
[Round "?"]
[White "Hossa"]
[Black "WitPaard"]
[Result "1-0"]
[WhiteElo "2569"]
[BlackElo "2167"]
[PlyCount "45"]
[EventDate "2000.??.??"]

1. e4 e5 2. Nf3 Nc6 3. d4 exd4 4. Nxd4 Nf6 5. Nxc6 bxc6 6. e5 Qe7 7. Qe2 Nd5 8.
Bd2 g6 9. c4 Nb6 10. Bc3 Bg7 11. b3 a5 12. g3 h5 13. Bh3 h4 14. g4 a4 15. O-O
d5 16. Nd2 Be6 17. Rfd1 O-O 18. Bf1 Qg5 19. h3 Nd7 20. Nf3 Qf4 21. Rd4 Qh6 22.
g5 Qh5 23. Rxh4 1-0